000 00677nac a22002770a 4500
001 UByD001760
003 AR-LpoUNG
005 20230727003528.0
008 230726s2013|||| us|||||||||||||||||eng d
020 _a9780062217080
040 _aAR-LpoUNG
_bspa
_eaacr
041 _aeng
044 _aus
082 0 _a808.068 3 593reb
100 1 _aTintera, Amy
245 1 0 _aReboot
250 _a1ra. ed.
260 _aNew York :
_bHarper Teen,
_c2016.
300 _a[383] p.
505 0 _aSugerido a partir de 14 aƱos (etiqueta VERDE)
650 4 _aLITERATURA
650 4 _aNOVELAS
653 _aLITERATURA INFANTOJUVENIL
905 _a53484
942 _cLIB
_2ddc
999 _c64273
_d64273